LDR 01138nam a2200241 i 4500 001 000000057086 003 CaOOAMICUS 005 20260420102044.0 008 970923s1961 it u000 u ita u 040 $aSeMil$bita 100 1 $aBoublìk, Vladimir.$0(OLS)http://semarc/name/28966 245 13$aLa predestinazione :$bS. Paolo e S. Agostino /$cVladimiro Boublìk. 264 1$aRoma :$bLibreria editrice della Pontificia Università Lateranense,$c1961. 300 $aXII, 231 p. ;$c25 cm 490 1 $aCorona Lateranensis ;$v3 650 4$aPredestinazione - Concezione Paolina.$0(OLS)http://semarc/subject/60015 650 4$aPredestinazione - Concezione Agostiniana.$0(OLS)http://semarc/subject/35605 830 0$aCorona Lateranensis ;$v3.$0(OLS)http://semarc/title/9690 850 $aSeMil 852 $aSeMil$W1$xVenegono$y1$m2D V 64$j270483$B23240$CSeMilBibl$Z2$F23242 $81 996 $6245$aLa predestinazione :$bS. Paolo e S. Agostino$9(OLS)http://semarc/title/88795 996 $6264$aRoma :$bLibreria editrice della Pontificia Università Lateranense$9(OLS)http://semarc/publisher/31171